[Event "RSA-ch U18 Girls"]
[Site "Gauteng"]
[Date "2017.04.10"]
[Round "9"]
[White "Van Zyl, Charlize"]
[Black "Seloana, Reamogetswe"]
[Result "1-0"]
[WhiteElo "1658"]
[BlackElo "1167"]
[PlyCount "101"]
[EventDate "2017.04.05"]
[EventType "swiss"]
[EventRounds "11"]
[EventCountry "RSA"]
[SourceTitle "CBM 177 Extra"]
[Source "ChessBase"]
[SourceDate "2017.04.27"]
[SourceVersion "1"]
[SourceVersionDate "2017.04.27"]
[SourceQuality "1"]

1. c4 e5 2. Nc3 Nf6 3. g3 d5 4. cxd5 Nxd5 5. Bg2 Nxc3 6. bxc3 Bc5 7. e3 Bb6 8. Ne2 c6 9. Ba3 Be6 10. 0-0 h5 11. d4 Qg5 12. h4 Qf6 13. f4 exd4 14. exd4 Qf5 15. Kh2 Nd7 16. Ng1 Nf6 17. Qe2 0-0-0 18. Nf3 Bc4 19. Qxc4 Ng4+ 20. Kh1 Ne3 21. Qe2 Nxf1 22. Qxf1 Kb8 23. Ne5 Rhe8 24. Bxc6 Rxe5 25. fxe5 Qg4 26. Bg2 Qxg3 27. Bd6+ Ka8 28. Qe1 Qg4 29. Qe4 Qc8 30. c4 Bc7 31. Bxc7 Qxc7 32. Rb1 Rd7 33. Qxb7+ Qxb7 34. Bxb7+ Rxb7 35. Rxb7 Kxb7 36. d5 Kc7 37. Kg2 a5 38. Kf3 a4 39. a3 Kd7 40. Kf4 Kc7 41. c5 Kd7 42. Kg5 g6 43. Kf6 g5 44. Kxg5 Ke7 45. c6 Kd8 46. d6 Ke8 47. Kf6 Kf8 48. c7 Kg8 49. c8Q+ Kh7 50. Kxf7 Kh6 51. Qh8# 1-0

[Event "RSA-ch U18 Girls"]
[Site "Gauteng"]
[Date "2017.04.08"]
[Round "6"]
[White "Mabitsela, Mirinda"]
[Black "Seloana, Reamogetswe"]
[Result "1-0"]
[WhiteElo "1119"]
[BlackElo "1167"]
[PlyCount "86"]
[EventDate "2017.04.05"]
[EventType "swiss"]
[EventRounds "11"]
[EventCountry "RSA"]
[SourceTitle "CBM 177 Extra"]
[Source "ChessBase"]
[SourceDate "2017.04.27"]
[SourceVersion "1"]
[SourceVersionDate "2017.04.27"]
[SourceQuality "1"]

1. e4 e5 2. Nf3 d6 3. Bc4 Nc6 4. d3 h6 5. Be3 Nf6 6. h3 g5 7. Nbd2 Be7 8. c3 a6 9. d4 Qd7 10. Qc2 g4 11. hxg4 Nxg4 12. Qd3 exd4 13. cxd4 Nd8 14. 0-0-0 b5 15. Bb3 Bb7 16. Nh2 Nxe3 17. Qxe3 d5 18. exd5 Bxd5 19. Bxd5 Qxd5 20. Qe5 Qxe5 21. dxe5 Bg5 22. Nhf3 Be7 23. Ne4 Kf8 24. Rd7 Ne6 25. Rhd1 a5 26. Nd4 Nxd4 27. R7xd4 c5 28. Rd5 b4 29. Kb1 c4 30. Rc1 Rg8 31. g3 c3 32. bxc3 bxc3 33. Rxc3 Rg6 34. Rf3 Rc6 35. Rc3 Rb6+ 36. Rb3 Rc6 37. Rdb5 Bb4 38. a3 Rc4 39. axb4 Rxe4 40. bxa5 Re1+ 41. Ka2 Re2+ 42. Rb2 Rxb2+ 43. Kxb2 Ke7 1-0